000 01028cam a2200325 i 4500
001 38485
005 20230410101710.0
008 800425s1976 ht afg b 000 0 fre
010 _a 80102068
035 _a(OCoLC)ocm06329503
040 _aDLC
_cDLC
_dOCLCQ
035 _a(OCoLC)6329503
041 0 _afreengspa
043 _anwht---
050 1 4 _a110 ML 3486
_bV642c 1976
082 0 0 _a784.5/0092/4
100 1 _aVictor, René.
245 1 0 _aChoucoune :
_bou, Le destin d'un beau poeme /
_cRene Victor.
260 _aPort-au-Prince, Haeiti :
_bEditions Fardin,
_c[1976]
300 _a83 p., [10] leaves of plates :
_bill., music ;
_c21 cm.
500 _aEnglish, French, or Spanish.
504 _aIncludes bibliographical references (p. 81-83).
600 1 0 _aMonton, Moléart,
_d1855-1898.
_tChoucoune.
650 0 _aPopular music
_zHaiti
_xHistory and criticism.
650 4 _aCEH
650 4 _aColección Estudios Haitianos
740 0 1 _aDestin d'un beau poeme.
942 _2lcc
_cbk
994 _aC0
_bDRFGD
999 _c12309
_d12309